000
00211 a2200097 4500
001
3552
100
_a
H.M.S
245
_a
Serv text book radiolocation techniques
260
_a
_b
H.M.S.O
_c
090
_c
2817
_d
2817
942
_a
NUST-CAE
_c
M
_c
20191
999
_c
238625
_d
238625